000 01460nam a2200325Ia 4500
001 9780203116340
003 BD-DhSAU
005 20151012151717.0
006 a|||||s|||||||||||
007 cr||||
008 120524s2012 enkad sb 001 0 eng d
020 _a9780203116340 (e-book : PDF)
040 _aBD-DhSAU
_cBD-DhSAU
090 _aBJ1470.5
_b.V36 2012
092 _a306.4
_bV258
100 1 _aVan Krieken, Robert.
245 1 0 _aCelebrity society
_h[electronic resource] /
_cRobert van Krieken.
260 _aAbingdon, Oxon :
_bRoutledge,
_c2012.
300 _axi, 186 p. :
_bill.
504 _aIncludes bibliographical references (p. [149]-179) and index.
505 0 _a1. From fame to celebrity : the celebritization of society -- 2. Producing celebrity and the economics of attention -- 3. Celebrity as a social form : status, charisma and power -- 4. Imagined community and long-distance intimacy -- 5. Celebrity in politics, diplomacy and development -- 6. Business and management celebrity -- 7. Celebrity's futures : 15 minutes of fame, or fame in 15 minutes.
530 _aAlso available in print edition.
538 _aMode of access: World Wide Web.
650 0 _aFame
_xSocial aspects.
650 0 _aCelebrities.
650 0 _aMedia
_xSocial aspects.
655 7 _aElectronic books.
_2lcsh
776 1 _z9780415581493 (hardback)
_z9780415581509 (pbk.)
856 4 0 _uhttp://www.tandfebooks.com/isbn/9780203116340
999 _c12279
_d12278